| 000 | 01074 a2200169 4500 | ||
|---|---|---|---|
| 003 | Nust | ||
| 005 | 20221124133425.0 | ||
| 040 | _cNust | ||
| 082 | _a621.38132,ANG | ||
| 100 |
_aAngelo, E.J. _980490 |
||
| 245 |
_aElectronic Circuits : _ba Unified Treatment of Vacuum Tubes and Transistors / _cE.J.Angelo, |
||
| 260 |
_aMcGraw-Hill Book Compnay _bLondon _c1958 |
||
| 300 | _axii, 450 p | ||
| 505 | _aIntroduction (Page-1), The Ideal diode (Page-7), Practical rectifiers (Page-34), Ideal amplifiers (Page-87), The basic vacuum triode (Page-97), Practical triode amplifier (Page-132), Incemental Linear (Page-153), The basic transistor (Page-165), Practical transistor (Page-193), Multigrid vacuum tubes (Page-209), Analysis of piecewise linear (Page-226), Systematic analysis of linear electronic (Page-249), Network theorems (Page-271), Frequency dependence of signal stage (Page-293), Frequency depend of cascaded amplifiers (Page-331), Nonsinusoidal signal and transisent (Page-387), Feedback amplifiers (Page-412), | ||
| 650 | _aElectronic Circuits | ||
| 942 |
_2ddc _cBK |
||
| 999 |
_c218043 _d218043 |
||